Working with families of children with special needs : partnership and practice

Αποθηκεύτηκε σε:
Λεπτομέρειες βιβλιογραφικής εγγραφής
Κύριος συγγραφέας: Dale, Naomi
Μορφή: Βιβλίο
Γλώσσα:English
Δημοσίευση: London : Routledge, 1996
Θέματα:
Ετικέτες: Προσθήκη ετικέτας
Δεν υπάρχουν, Καταχωρήστε ετικέτα πρώτοι!

MARC

LEADER 00000nam a2200000 i 4500
001 1/80803
008 980216s1996 eng d
020 |a 0-415-11411-X 
035 |a 1997  |b 3  |c Αγορά/Παπούδη  |l 10033535 
040 |a GR-MY-UA  |b gre  |e aacr 
041 0 |a eng 
082 0 |a 362.4083 
100 1 |a Dale, Naomi. 
245 1 0 |a Working with families of children with special needs :  |b partnership and practice /  |c Naomi Dale 
260 |a London :   |b Routledge,   |c 1996 
300 |a 334 p. 
650 0 0 |a Social work with children with disabilities  |z Great Britain. 
650 0 0 |a Parents of children with disabilities  |x Services for  |z Great Britain. 
650 0 0 |a Psychiatric social work  |z Great Britain. 
650 0 0 |a Counselor and client  |z Great Britain. 
852 |a INST  |b RHODES  |e 19980216  |h 362.4083 DAL  |p 005400011198  |q 005400011198  |t BK  |y 0 
901 |a BIBL-1998-1 
909 |a Ρ  |b 052458  |c 1997